Environmental physiology and psychology in arid conditions: reviews of research

Wedi'i Gadw mewn:
Manylion Llyfryddiaeth
Fformat: Llyfr
Iaith:Saesneg
Cyhoeddwyd: París UNESCO 1963
Cyfres:Arid Zone Research, 22
Pynciau:
Tagiau: Ychwanegu Tag
Dim Tagiau, Byddwch y cyntaf i dagio'r cofnod hwn!

MARC

LEADER 00000nam a2200000 a 4500
001 UCU4592
003 CL-VaPUC
008 960524e19630000FR |||||||||||||||||eng|d
082 0 4 |a 578.4  |b ENV  |2 21 
245 1 0 |a Environmental physiology and psychology in arid conditions: reviews of research 
300 |a 345 p 
942 |c BK 
945 |d 19960524 00:00:00  |a cmena 
260 |a París  |b UNESCO  |c 1963 
650 0 |a Adaptaciones fisiológicas  |9 361696 
650 0 |a Adaptación psicológica  |9 362279 
650 0 |a Adaptación biológica   |9 337262 
650 7 |a REGIONES CLIMATICAS  |2 CL-VaPUC  |9 267906 
650 0 |a Climatología   |9 262302 
650 0 |a Medio ambiente físico  |9 347938 
650 0 |a Zona templada  |9 362280 
583 |a last modification  |c 20170406 02:59:47  |k Rodrigo Vera 
490 0 |a Arid Zone Research, 22 
999 |c 248264  |d 248262 
952 |0 0  |1 0  |4 0  |6 578_400000000000000_ENV_1963  |7 0  |8 A  |9 264765  |a BIBING  |b BIBING  |d 2019-11-19  |i 1667025  |o 578.4 ENV 1963  |p 1667025  |r 2025-01-20  |w 2019-11-19  |y BK  |k ING